000 00587cam a22002053a 4500
001 37169
003 PGUSA
005 20140828083821.0
008 110823s2011||||xxu|||||s|||||000 | eng d
040 _aPGUSA
_beng
042 _adc
100 1 _aLee, Vernon,
_d1856-1935
245 1 0 _aAriadne in Mantua :
_bA Romance in Five Acts
_h[electronic resource] /
_cVernon Lee
260 _bProject Gutenberg,
_c2011
506 _aPublic domain in the USA.
516 _aElectronic text
830 0 _aProject Gutenberg
_v37169
856 4 0 _uhttp://www.gutenberg.org/ebooks/37169
942 _cEB
999 _c266423
_d266423